| 000 | 00511nam a2200181Ia 4500 | ||
|---|---|---|---|
| 008 | 230917s9999||||xx |||||||||||||| ||und|| | ||
| 020 | _cGBP41.99 | ||
| 040 |
_e229033 _aMAIN |
||
| 041 | _aEnglish | ||
| 082 | _a330.91 D554G(7) | ||
| 100 | _aDicken, Peter | ||
| 245 | 0 | _aGlobal shift: Mapping the changing contours of the world economy | |
| 250 | _a7th ed. | ||
| 260 |
_aNew Delhi _bSage Publications _c2015 |
||
| 300 | _a618 p. | ||
| 500 | _a2184 09/11/2015 RK16/2045 20/01/2016 Main Budget | ||
| 942 | _cBK | ||
| 999 |
_c16652 _d16652 |
||